Nazwij spikselizowany zabytek - Statystyki

Ogólne statystyki
  • Ten quiz został rozwiązany 3 731 razy
  • Średni wynik to 5 z 9
Odpowiedzi na mapie
Odpowiedzi zakodowano w zielono-czerwonej skali na mapie do tego quizu, zgodnie z poniższymi procentami.
 
Statystyki odpowiedzi
Miejsce położenia Wskazówka Odpowiedź % Poprawnych
Stany Zjednoczone Prezent dla Stanów Zjednoczonych od Francji Statua Wolności
86%
Francja Ten budynek był najwyższym zbudowanym w 100% przez ludzi Wieża Eiffla
85%
Włochy Miejsce walk gladiatorów, także miejsce zagłady chrześcijan w utworze "Quo vadis" Koloseum
82%
Indie Mauzoleum zbudowane ku pamięci żony Tadź Mahal
64%
Egipt Monolit ten znajduje się w kompleksie piramid w Gizie, powstał z inicjatywy Chefrena Wielki Sfinks
57%
Peru Najlepiej zachowane miasto Inków Machu Picchu
50%
? Spikselizowany zabytek Sobór Wasyla Błogosławionego
33%
Chiny Dawny pałac cesarski dynastii Ming i Qing Zakazane Miasto
27%
Wielka Brytania Budowla wzniesiona dla Wilhelma Zdobywcy, położona nad północnym brzegiem Tamizy Tower of London
22%
Nie znaleziono quizów pasujących do podanych kryteriów
Rozkład punktacji
Procent ludzi z każdym wynikiem
Percentyl według liczby udzielonych odpowiedzi
Twoja historia wyników
Nie rozwiązałeś tego quizu